Los hechos de los Apóstoles
Uloženo v:
| Hlavní autor: | |
|---|---|
| Médium: | Kniha |
| Jazyk: | španělština |
| Vydáno: |
Barcelona
Herder
1973
|
| Vydání: | 2a. ed |
| Edice: | Biblioteca Herder. Sección de Sagrada Escritura, 96
|
| Témata: | |
| Tagy: |
Přidat tag
Žádné tagy, Buďte první, kdo vytvoří štítek k tomuto záznamu!
|
MARC
| LEADER | 00000cam a2200000 a 4500 | ||
|---|---|---|---|
| 001 | UCL1507 | ||
| 003 | CL-VaPUC | ||
| 008 | 030911e19730000SP |||||||||||||||||spa|d | ||
| 020 | |a 8425408318 | ||
| 082 | 0 | 4 | |a 226.6 |b WIK |2 21 |
| 100 | 0 | |a Wikenhauser, Alfred |e author |9 478398 | |
| 245 | 1 | 4 | |a Los hechos de los Apóstoles |
| 250 | |a 2a. ed | ||
| 300 | |a 424 p | ||
| 942 | |c BK | ||
| 945 | |d 20030911 00:00:00 |a vberengu | ||
| 260 | |a Barcelona |b Herder |c 1973 | ||
| 650 | 0 | |a Apóstoles |9 444286 | |
| 650 | 0 | |a Cristianismo |9 257361 | |
| 650 | 0 | |a Textos sagrados |9 257605 | |
| 650 | 0 | |a Biblia |9 257603 | |
| 583 | |a last modification |c 20170724 09:19:18 |k Rodrigo Vera | ||
| 490 | 0 | |a Biblioteca Herder. Sección de Sagrada Escritura, 96 | |
| 999 | |c 305043 |d 305041 | ||
| 952 | |0 0 |1 0 |4 0 |6 226_600000000000000_WIK_1973 |7 0 |8 A |9 367984 |a BIBTEO |b BIBTEO |d 2019-11-21 |i 2077205 |o 226.6 WIK 1973 |p 2077205 |r 2025-01-17 |w 2019-11-21 |y BK |k ICR | ||
| 952 | |0 0 |1 0 |3 erd |4 0 |6 226_600000000000000_WIK_1973 |7 0 |8 A |9 367985 |a BIBTEO |b BIBTEO |i 5411173 |o 226.6 WIK 1973 |p 5411173 |r 2025-01-17 |w 2019-11-21 |y BK |z Catalogado en:20170728 |k ICR | ||